Регионална библиотека "Любен Каравелов" - Русе

Първи речник по етика (Запис номер 6376)

MARC детайли
000 -Лидер
Контролно поле с фиксирана дължина 01693nam a2200373 c 4500
003 - Код на организацията, давaща контролен номер
Контролно поле BLK
005 - Дата и час на последна редакция
Контролно поле 20231118164517.0
008 - Елементи от данни с фиксирана дължина
fixed length control field 180412b bul|||||r ||||||| ||bul||
010 ## - Наследен системен номер
LC control number KNG00007606000
020 ## - Международен стандартен номер на книга ISBN
Международен стандартен номер на книга ISBN 954-07-0731-5
-- издат.: Унив. изд. Св. Климент Охридски
040 ## - Източник на каталожния запис
Идентификатор на билиотеката - собственик на записа BLK
041 ## - Код за език
Код за езика на текст/звукозапис или на отделно заглавие Български
Код за езика КДБФ Български
080 ## - УДК
Текстов определител УДК Етика. Учение за морала. Практическа философия. Вж и 37.034 ; 24
УДК код - определител по УДК 17
УДК определител :087.5(035)
УДК - код + определител 17:087.5(035)
080 ## - УДК
Текстов определител УДК Българска литература
УДК код - определител по УДК 821.163.2
УДК определител -93-96
УДК - код + определител 821.163.2-93-96
100 1# - Редна дума - Автор
Автор Немо, Нихело
Авторска отговорност първи автор
R(LIN) 363947
139 ## - Редно поле
Редна дума Коспартова, Люба Николова
Авторски знак Кос - К 86
245 10 - Сведения за заглавието
Заглавие Първи речник по етика
Подзаглавни данни Мисли, легенди и диалози, предназначени за деца
Редно поле (дума) Люба Николова Коспартова; Нихело Немо.
257 ## - Страна на издаване
Страна на създаване/издаване България
260 ## - Област на издателските данни
-- София
Име на издателя, разпространителя и проч. Унив. изд. Св. Климент Охридски
Година на издаване 1995
300 ## - Физическа характеристика
Страници 74 с.
Илюстрации и др. с ил.
Размери/Мащаб 20 см
380 ## - Жанр
Жанр Философия
500 ## - Общи забележки
Забележка Нихело Немо - псевд. на Люба Коспартова.
650 #4 - Допълнително описание по предмет – тема
Основно описание – тема или топоним Етика
9 (RLIN) 155121
653 ## - Ключова дума – ненормативна
Ключова дума етика
653 ## - Ключова дума – ненормативна
Ключова дума литература за деца
653 ## - Ключова дума – ненормативна
Ключова дума детска литература
700 1# - Други автори (авторска отговорност)
Лично име Коспартова, Люба Николова
Друга информация Бачева-Коспартова, Люба Николова
9 (RLIN) 251391
852 ## - Местоположение
Форматна сигнатура Цб 192414
856 4# - Електронен адрес и достъп
Електронен формат pdf - файл
Път до файла /url/
856 4# - Електронен адрес и достъп
Електронен формат pdf - файл
Път до файла /url/
942 ## - АРТИКУЛИ
Вид на библиотечния материал Книги
Скрит в OPAC Не
Koha issues (borrowed), all copies 1
944 ## - СЪЗДАВАНЕ И РЕДАКЦИЯ на ЗАПИСА
Създаване/Редакция Създаване
Дата на регистрацията/редакция 15.01.2003
Служител, извършил регистрацията/редакцията 30537
Статус, дата на статуса Грета Цуфелде
944 ## - СЪЗДАВАНЕ И РЕДАКЦИЯ на ЗАПИСА
Създаване/Редакция Редакция
Дата на регистрацията/редакция 18.02.2011
Служител, извършил регистрацията/редакцията
999 ## - СИСТЕМНИ КОНТРОЛНИ НОМЕРА
Koha biblionumber 6376
Koha biblioitemnumber 6376
Наличности
Код за отписване Код за изгубен артикул Източник на класификационната схема Код за повреда Коз за рестрикции Код за отдаване Артикулен № Име на библиотеката - собственик Име на библиотеката, в която се намира в момента Статус (Текущо местоположение) Дата на вписване в системата Местоположение - отдел Цена в лева Инвентарен номер Систематично азбучна сигнатура Баркод Номер на екземпляра Цена в евро Служебна бележка Служебен тип на артикула
  Не е изгубен Universal Decimal Classification Не е повреден без рестрикции ползва се в читалня 11121 Регионална библиотека "Любен Каравелов" Русе Регионална библиотека "Любен Каравелов" Русе Хранилище 2001-01-01 Хранилище 0.00 613130 Цб 192414 120000613130 1 0.00 Дост: Dp Вид: Д N: стар фонд Дата: 01.01.1995 Книги
Изтеглен Не е изгубен Universal Decimal Classification Не е повреден без рестрикции заемане за дома 11122 Регионална библиотека "Любен Каравелов" Русе Регионална библиотека "Любен Каравелов" Русе Детски отдел 2001-01-01 Детски отдел 0.54 615951 ДН 1/К 86 615951 2 0.28 Вид: Ф N: стар фонд Дата: 01.01.1995 Дата инв: 26.08.2015 Бележки инв: Д2015 Книги
  Не е изгубен Universal Decimal Classification Не е повреден без рестрикции заемане за дома 11123 Регионална библиотека "Любен Каравелов" Русе Регионална библиотека "Любен Каравелов" Русе Детски отдел - справочен фонд 2001-01-01 Детски отдел - справочен фонд 0.35 623085 СД 1/К 86 120000623085 3 0.18 Вид: Ф N: стар фонд Дата: 01.01.1995 Дата инв: 20.11.2017 Бележки инв: СД2017 Книги
Vip Innovations Ltd, Rousse, Bulgaria 2025